[Event "Catalunya-chT Gp2"]
[Site "Barcelona"]
[Date "2024.01.20"]
[Round "1.2"]
[White "Rojano Alfonso, Carlos"]
[Black "Torrecillas Martinez, Antonio"]
[Result "1-0"]
[WhiteElo "2240"]
[BlackElo "2307"]
[PlyCount "111"]
[EventDate "2024.01.20"]
[EventType "team-tourn"]
[EventRounds "7"]
[EventCountry "ESP"]
[SourceTitle "CB06_2024"]
[SourceDate "2024.02.07"]
[SourceVersion "1"]
[SourceVersionDate "2024.02.07"]
[SourceQuality "1"]
[WhiteTeam "Vila Olimpica"]
[BlackTeam "Foment Martinenc"]
[WhiteTeamCountry "ESP"]
[BlackTeamCountry "ESP"]

1. d4 Nf6 2. c4 g6 3. f3 Nc6 4. Nc3 d5 5. cxd5 Nxd5 6. e4 Nxc3 7. bxc3 e5 8. d5 Nb8 9. h4 Bc5 10. Bg5 f6 11. Bh6 Qe7 12. Ne2 Nd7 13. Qa4 a6 14. g4 b5 15. Qc2 Bb7 16. Ng3 c6 17. a4 b4 18. dxc6 Bxc6 19. cxb4 Bxb4+ 20. Kf2 Qc5+ 21. Qxc5 Bxc5+ 22. Be3 Bxe3+ 23. Kxe3 a5 24. h5 Ke7 25. Bb5 Bxb5 26. axb5 Rhb8 27. hxg6 hxg6 28. Rh7+ Ke8 29. Ne2 Rxb5 30. Nc3 Rb3 31. Kd2 Rc8 32. Nd5 Rb2+ 33. Kd1 Rc5 34. Ra3 f5 35. Rd3 Rb1+ 36. Kd2 Rb2+ 37. Kd1 fxe4 38. fxe4 Rc4 39. Rxd7 Kxd7 40. Nb6+ Ke7 41. Nxc4 Rb4 42. Rc3 Kf6 43. Ke2 a4 44. Nd2 Kg5 45. Kf3 Rb2 46. Ke3 Kxg4 47. Rc5 a3 48. Rxe5 a2 49. Ra5 g5 50. Nc4 Rh2 51. Ne5+ Kg3 52. Nf3 Rh5 53. Rxa2 g4 54. Nd4 Rc5 55. Nf5+ Kh3 56. Ra3 1-0

[Event "Sant Boi de Llobregat op 4th"]
[Site "Sant Boi de Llobregat"]
[Date "2023.12.08"]
[Round "9"]
[White "Torrecillas Martinez, Antonio"]
[Black "Rakhmatullaev, Almas"]
[Result "0-1"]
[WhiteElo "2310"]
[BlackElo "2383"]
[PlyCount "60"]
[EventDate "2023.11.30"]
[EventType "swiss"]
[EventRounds "9"]
[EventCountry "ESP"]
[SourceTitle "CB50_2023"]
[SourceDate "2023.12.13"]
[SourceVersion "1"]
[SourceVersionDate "2023.12.13"]
[SourceQuality "1"]

1. d4 d5 2. c4 e6 3. Nf3 a6 4. Bg5 Be7 5. Bxe7 Qxe7 6. Nbd2 Nf6 7. g3 0-0 8. Bg2 Rd8 9. 0-0 Nbd7 10. Rc1 c5 11. Qc2 b6 12. cxd5 exd5 13. dxc5 Nxc5 14. Nd4 Bd7 15. e3 a5 16. Qb1 Rdc8 17. Rfd1 g6 18. b3 h5 19. h4 Re8 20. a3 Rac8 21. b4 axb4 22. axb4 Na6 23. b5 Nc5 24. Qb4 Ng4 25. Rf1 Nxf2 26. Rxf2 Nd3 27. Qxe7 Rxc1+ 28. Rf1 Rxe7 29. Bxd5 Rxe3 30. Bxf7+ Kg7 0-1

[Event "Catalunya-chT Gp1"]
[Site "Barcelona"]
[Date "2023.02.04"]
[Round "3.3"]
[White "Sama Salinas, Hector"]
[Black "Torrecillas Martinez, Antonio"]
[Result "1-0"]
[WhiteElo "2350"]
[BlackElo "2318"]
[PlyCount "89"]
[EventDate "2023.01.21"]
[EventType "team-tourn"]
[EventRounds "7"]
[EventCountry "ESP"]
[SourceTitle "CBM 213 Extra"]
[Source "ChessBase"]
[SourceDate "2023.05.31"]
[SourceVersion "1"]
[SourceVersionDate "2023.05.31"]
[SourceQuality "1"]
[WhiteTeam "Sant Cugat"]
[BlackTeam "Foment Martinenc"]
[WhiteTeamCountry "ESP"]
[BlackTeamCountry "ESP"]

1. Nf3 Nf6 2. g3 g6 3. Bg2 Bg7 4. 0-0 0-0 5. d3 d5 6. Nbd2 c5 7. e4 Nc6 8. Re1 e5 9. exd5 Nxd5 10. a3 Be6 11. Ne4 b6 12. Rb1 a5 13. Nfg5 Bf5 14. g4 Bc8 15. Nc3 Nde7 16. Qf3 f6 17. Nd5 Bd7 18. Nxe7+ Qxe7 19. Qd5+ Kh8 20. Ne6 Bxe6 21. Qxc6 Rab8 22. h3 Rfc8 23. Qe4 Re8 24. Bd2 Rbd8 25. Bc3 Bh6 26. h4 Bf4 27. g5 Kg8 28. gxf6 Qxf6 29. Bxe5 Bxe5 30. Qxe5 Qxh4 31. Re4 Qe7 32. Rbe1 Qf7 33. R4e3 Qd7 34. Qf6 Ba2 35. b3 Rf8 36. Qb2 Qf5 37. Rf1 Rd4 38. Re4 Rxe4 39. dxe4 Qg4 40. Qxa2 Rd8 41. b4+ Kg7 42. bxc5 Rd1 43. f3 Rxf1+ 44. Kxf1 Qd7 45. Qd5 1-0

[Event "Catalunya-chT Gp1"]
[Site "Barcelona"]
[Date "2023.01.21"]
[Round "?"]
[White "Peralta, Fernando"]
[Black "Torrecillas Martinez, Antonio"]
[Result "1/2-1/2"]
[WhiteElo "2596"]
[BlackElo "2318"]
[PlyCount "99"]
[EventDate "2023.01.21"]
[EventType "team-tourn"]
[EventRounds "7"]
[EventCountry "ESP"]
[SourceTitle "CBM 212 Extra"]
[Source "ChessBase"]
[SourceDate "2023.03.31"]
[SourceVersion "1"]
[SourceVersionDate "2023.03.31"]
[SourceQuality "1"]
[WhiteTeam "Valls"]
[BlackTeam "Foment Martinenc"]
[WhiteTeamCountry "ESP"]
[BlackTeamCountry "ESP"]

1. d4 Nf6 2. c4 g6 3. Nc3 d5 4. cxd5 Nxd5 5. e4 Nxc3 6. bxc3 Bg7 7. Qa4+ Nd7 8. Nf3 0-0 9. Be2 c5 10. Qa3 b6 11. 0-0 Bb7 12. e5 Qc7 13. h4 a6 14. h5 Rfc8 15. hxg6 hxg6 16. Ng5 e6 17. Be3 Bf8 18. Qb2 cxd4 19. cxd4 Qc2 20. Qxc2 Rxc2 21. Bd3 Rc3 22. Be4 Bxe4 23. Nxe4 Rc4 24. a4 Rac8 25. g3 Be7 26. Kg2 R8c6 27. Rh1 f6 28. Nd2 Rc2 29. Nf3 R6c3 30. Rae1 fxe5 31. dxe5 Bc5 32. Bxc5 Nxc5 33. Rd1 Rd3 34. Rb1 Ne4 35. Rhf1 g5 36. Rb4 g4 37. Rxe4 gxf3+ 38. Kh2 b5 39. axb5 axb5 40. g4 Re2 41. Rf4 Rxe5 42. Kg3 Rc3 43. Rb1 Kg7 44. Rfb4 Rcc5 45. Kxf3 Kg6 46. Kg3 Rc3+ 47. Kf4 Re2 48. f3 Rf2 49. Ke5 Rcxf3 50. Kxe6 1/2-1/2

[Event "Catalunya-chT Final"]
[Site "Barcelona"]
[Date "2022.03.26"]
[Round "1.2"]
[White "Torrecillas Martinez, Antonio"]
[Black "Cuartas, Jaime Alexander"]
[Result "1/2-1/2"]
[WhiteElo "2305"]
[BlackElo "2505"]
[PlyCount "133"]
[EventDate "2022.03.26"]
[EventType "team-k.o."]
[EventRounds "2"]
[EventCountry "ESP"]
[SourceTitle "CBM 208 Extra"]
[Source "ChessBase"]
[SourceDate "2022.07.31"]
[SourceVersion "1"]
[SourceVersionDate "2022.07.31"]
[SourceQuality "1"]
[WhiteTeam "Foment Martinenc"]
[BlackTeam "Barbera"]
[WhiteTeamCountry "ESP"]
[BlackTeamCountry "ESP"]

1. e4 c5 2. Nf3 d6 3. d4 cxd4 4. Nxd4 Nf6 5. Nc3 g6 6. Be2 Bg7 7. Be3 Nc6 8. Nb3 0-0 9. f4 b6 10. 0-0 Bb7 11. Bf3 Nd7 12. Rf2 Nc5 13. Nxc5 dxc5 14. e5 Qb8 15. Ne4 Rd8 16. Rd2 Qc7 17. c3 Rxd2 18. Qxd2 Rd8 19. Qc2 Bh6 20. Kf2 Nxe5 21. fxe5 Bxe3+ 22. Kxe3 Qxe5 23. Kf2 Qxh2 24. Nf6+ Kg7 25. Bxb7 Kxf6 26. Rd1 Rxd1 27. Qxd1 Qc7 28. Qf3+ Kg7 29. Bd5 e6 30. Bc4 h5 31. g3 h4 32. Kg2 hxg3 33. Qxg3 e5 34. Bd5 Qe7 35. Kf2 f5 36. Ke2 Qd6 37. Bc4 Qe7 38. Bd5 Qf6 39. Qh2 g5 40. Qh5 Qg6 41. Qh1 Qh6 42. Qg2 e4 43. c4 Qh4 44. Kd1 g4 45. Qd2 g3 46. Qc3+ Kg6 47. Qe5 g2 48. Qe8+ Kf6 49. Qd8+ Ke5 50. Qxh4 g1Q+ 51. Kc2 Qg2+ 52. Kc1 Qf1+ 53. Kc2 Qe2+ 54. Kb3 Qd1+ 55. Ka3 Qf3+ 56. Ka4 Qg2 57. Qe7+ Kf4 58. Qh4+ Kf3 59. Qh5+ Qg4 60. Qh7 Kg3 61. Kb5 e3 62. Qh1 Kf2 63. Qh2+ Kf1 64. Qh1+ Kf2 65. Qh2+ Kf1 66. Qh1+ Kf2 67. Qh2+ 1/2-1/2

[Event "Catalunya-chT Gp1"]
[Site "Barcelona"]
[Date "2022.03.12"]
[Round "8.2"]
[White "Torrecillas Martinez, Antonio"]
[Black "Molina Carretero, Daniel"]
[Result "1/2-1/2"]
[WhiteElo "2305"]
[BlackElo "2211"]
[PlyCount "77"]
[EventDate "2022.01.22"]
[EventType "team-tourn"]
[EventRounds "9"]
[EventCountry "ESP"]
[SourceTitle "CBM 208 Extra"]
[Source "ChessBase"]
[SourceDate "2022.07.31"]
[SourceVersion "1"]
[SourceVersionDate "2022.07.31"]
[SourceQuality "1"]
[WhiteTeam "Foment Martinenc"]
[BlackTeam "Gerunda"]
[WhiteTeamCountry "ESP"]
[BlackTeamCountry "ESP"]

1. Nf3 Nf6 2. g3 b5 3. Bg2 Bb7 4. 0-0 e6 5. d3 d5 6. Nbd2 Be7 7. e4 c5 8. exd5 Bxd5 9. b3 0-0 10. Bb2 Nbd7 11. Qe2 Qc7 12. c4 bxc4 13. bxc4 Bc6 14. Nb3 Rab8 15. Bc3 Rfd8 16. Rac1 Qc8 17. d4 cxd4 18. Ba5 d3 19. Qxd3 Nc5 20. Qe2 Nxb3 21. axb3 Rd7 22. Ne5 Bxg2 23. Kxg2 Rdb7 24. b4 Bxb4 25. Bxb4 Rxb4 26. Rfd1 Rb2 27. Qf3 R8b3 28. Rc3 Rxc3 29. Qxc3 Rxf2+ 30. Kg1 Qa8 31. Nc6 Rg2+ 32. Kxg2 Qxc6+ 33. Qf3 Qc8 34. Qd3 Qc6+ 35. Qf3 Qc8 36. Qf2 Qb7+ 37. Kg1 h5 38. h3 Ne4 39. Qf3 1/2-1/2

[Event "Catalunya-chT Gp1"]
[Site "Barcelona"]
[Date "2020.02.15"]
[Round "5.3"]
[White "Torrecillas Martinez, Antonio"]
[Black "Rios, Cristhian Camilo"]
[Result "0-1"]
[WhiteElo "2313"]
[BlackElo "2498"]
[PlyCount "76"]
[EventDate "2020.01.18"]
[EventType "team-tourn"]
[EventRounds "7"]
[EventCountry "ESP"]
[SourceTitle "CBM 195 Extra"]
[Source "ChessBase"]
[SourceDate "2020.05.31"]
[SourceVersion "1"]
[SourceVersionDate "2020.05.31"]
[SourceQuality "1"]
[WhiteTeam "Foment Martinenc"]
[BlackTeam "Mollet"]
[WhiteTeamCountry "ESP"]
[BlackTeamCountry "ESP"]

1. d4 d5 2. c4 e6 3. Nc3 Bb4 4. Qb3 c5 5. cxd5 exd5 6. a3 Ba5 7. e3 c4 8. Qc2 Nc6 9. Nf3 Nge7 10. Be2 Bf5 11. Qd1 h6 12. 0-0 0-0 13. Bd2 a6 14. b3 b5 15. bxc4 bxc4 16. Na4 Rb8 17. Bxa5 Qxa5 18. Nc5 Rb2 19. Qe1 Rfb8 20. Ne5 Rxe2 21. Nxc6 Rxe1 22. Nxa5 Rxa1 23. Rxa1 Rb5 24. Nab7 Rb6 25. a4 Nc6 26. a5 Rb2 27. Rc1 Nb4 28. Nd6 Na2 29. Re1 Bg6 30. Na4 Rb4 31. Nb6 c3 32. Nxd5 Rb1 33. Rxb1 Bxb1 34. Nxc3 Nxc3 35. Nb7 Bd3 36. Nc5 Bc4 37. f3 Kf8 38. e4 Ne2+ 0-1

[Event "Catalunya-chT Gp1"]
[Site "Barcelona"]
[Date "2020.02.08"]
[Round "4.3"]
[White "Paveto, Kevin"]
[Black "Torrecillas Martinez, Antonio"]
[Result "1-0"]
[WhiteElo "2452"]
[BlackElo "2313"]
[PlyCount "85"]
[EventDate "2020.01.18"]
[EventType "team-tourn"]
[EventRounds "7"]
[EventCountry "ESP"]
[SourceTitle "CBM 194 Extra"]
[Source "ChessBase"]
[SourceDate "2020.03.31"]
[SourceVersion "1"]
[SourceVersionDate "2020.03.31"]
[SourceQuality "1"]
[WhiteTeam "Gerunda"]
[BlackTeam "Foment Martinenc"]
[WhiteTeamCountry "ESP"]
[BlackTeamCountry "ESP"]

1. e4 c5 2. Nf3 d6 3. d4 cxd4 4. Nxd4 Nf6 5. Nc3 Nc6 6. Bg5 e6 7. Qd2 Be7 8. 0-0-0 Nxd4 9. Qxd4 0-0 10. f4 h6 11. Bh4 Qa5 12. Bc4 Qh5 13. Bxf6 Bxf6 14. Qxd6 Bxc3 15. bxc3 b5 16. g4 Qh3 17. Bd3 Bb7 18. Qe5 a5 19. g5 f6 20. gxf6 Rxf6 21. f5 exf5 22. Rhg1 Qe3+ 23. Kb1 Qb6 24. exf5 Raf8 25. Rg3 R8f7 26. Rdg1 Qc7 27. Qe8+ Kh7 28. Rg6 Qc8 29. Qe5 Qf8 30. Rxf6 Rxf6 31. Rg6 Bc6 32. Qc7 a4 33. Rg1 b4 34. Qe5 bxc3 35. Qxc3 Qb8+ 36. Ka1 Qxh2 37. Re1 h5 38. Re6 Qg1+ 39. Kb2 Qb6+ 40. Ka3 Rxe6 41. fxe6+ Kh6 42. Qd2+ g5 43. Qc3 1-0

[Event "Catalunya-chT Gp1"]
[Site "Barcelona"]
[Date "2020.02.01"]
[Round "3.4"]
[White "Torrecillas Martinez, Antonio"]
[Black "Gallart Zafra, Jaume"]
[Result "1-0"]
[WhiteElo "2313"]
[BlackElo "2165"]
[PlyCount "63"]
[EventDate "2020.01.18"]
[EventType "team-tourn"]
[EventRounds "7"]
[EventCountry "ESP"]
[SourceTitle "CBM 194 Extra"]
[Source "ChessBase"]
[SourceDate "2020.03.31"]
[SourceVersion "1"]
[SourceVersionDate "2020.03.31"]
[SourceQuality "1"]
[WhiteTeam "Foment Martinenc"]
[BlackTeam "Tres Peons"]
[WhiteTeamCountry "ESP"]
[BlackTeamCountry "ESP"]

1. Nf3 c5 2. c4 Nc6 3. Nc3 g6 4. d4 cxd4 5. Nxd4 Bg7 6. e3 Nf6 7. Be2 0-0 8. 0-0 d6 9. b3 Nd7 10. Bb2 Nc5 11. Qd2 Bd7 12. Rad1 Rc8 13. Rfe1 Re8 14. Nd5 Ne4 15. Qc2 f5 16. Nf3 e5 17. Nc3 Nb4 18. Qb1 Bc6 19. Nd2 Nxd2 20. Rxd2 Qg5 21. Bf1 e4 22. Rxd6 Nd3 23. Bxd3 exd3 24. Nd5 d2 25. Rd1 Bxd5 26. Rxd5 Rxe3 27. R5xd2 Rce8 28. Bxg7 R3e4 29. Bc3 f4 30. Rd5 Qg4 31. Qd3 Re2 32. Qd4 1-0

[Event "Catalunya-chT Gp1"]
[Site "Barcelona"]
[Date "2020.01.25"]
[Round "2.4"]
[White "Cruz Estrada, Filemon"]
[Black "Torrecillas Martinez, Antonio"]
[Result "1-0"]
[WhiteElo "2321"]
[BlackElo "2313"]
[PlyCount "91"]
[EventDate "2020.01.18"]
[EventType "team-tourn"]
[EventRounds "7"]
[EventCountry "ESP"]
[SourceTitle "CBM 194 Extra"]
[Source "ChessBase"]
[SourceDate "2020.03.31"]
[SourceVersion "1"]
[SourceVersionDate "2020.03.31"]
[SourceQuality "1"]
[WhiteTeam "Badalona Cor de Marina"]
[BlackTeam "Foment Martinenc"]
[WhiteTeamCountry "ESP"]
[BlackTeamCountry "ESP"]

1. Nf3 Nf6 2. g3 g6 3. Bg2 Bg7 4. 0-0 0-0 5. c4 c6 6. d4 d5 7. cxd5 cxd5 8. Nc3 Nc6 9. Ne5 e6 10. Nxc6 bxc6 11. b3 Re8 12. Bb2 Nd7 13. Na4 c5 14. dxc5 Bxb2 15. Nxb2 Nxc5 16. Qd4 Nd7 17. Rfc1 Ba6 18. e3 Nb6 19. Na4 Nxa4 20. Qxa4 Qb6 21. h4 Bb5 22. Qd4 Qxd4 23. exd4 Rec8 24. Bf1 Bxf1 25. Kxf1 Kf8 26. Ke2 Ke7 27. Kd2 Kd6 28. Rxc8 Rxc8 29. Rc1 Rxc1 30. Kxc1 Kc6 31. Kd2 Kb5 32. Kc3 f6 33. g4 h6 34. f4 g5 35. fxg5 fxg5 36. h5 Ka5 37. a3 Kb5 38. b4 Ka4 39. Kb2 a6 40. Ka2 Kb5 41. Kb3 Kc6 42. a4 Kd6 43. a5 Kc7 44. Ka4 Kc6 45. b5+ axb5+ 46. Kb4 1-0

[Event "Catalunya-chT Gp1"]
[Site "Barcelona"]
[Date "2019.02.02"]
[Round "3.4"]
[White "Torrecillas Martinez, Antonio"]
[Black "Dominguez Pons, Eric"]
[Result "1-0"]
[WhiteElo "2322"]
[BlackElo "2383"]
[PlyCount "121"]
[EventDate "2019.01.19"]
[EventType "team-tourn"]
[EventRounds "7"]
[EventCountry "ESP"]
[SourceTitle "CBM 188 Extra"]
[Source "ChessBase"]
[SourceDate "2019.02.26"]
[SourceVersion "1"]
[SourceVersionDate "2019.02.26"]
[SourceQuality "1"]
[WhiteTeam "Foment Martinenc"]
[BlackTeam "Sant Andreu"]
[WhiteTeamCountry "ESP"]
[BlackTeamCountry "ESP"]

1. e4 c6 2. Nc3 d5 3. Nf3 Bg4 4. h3 Bxf3 5. Qxf3 e6 6. d4 dxe4 7. Qxe4 Nf6 8. Qd3 Na6 9. Be3 Be7 10. Be2 0-0 11. 0-0 Nb4 12. Qd2 Nbd5 13. Nxd5 cxd5 14. Bd3 a6 15. a4 Rc8 16. b3 Bd6 17. c4 dxc4 18. bxc4 Bb8 19. Rab1 Qc7 20. g3 Rfd8 21. Bg5 Qe7 22. d5 exd5 23. cxd5 Be5 24. Rfe1 Qd6 25. Qe3 Bc3 26. Red1 Re8 27. Qf3 Rc7 28. a5 Kh8 29. Rb6 Qxd5 30. Rxf6 Qxg5 31. Rxf7 Rxf7 32. Qxf7 Rd8 33. Qxb7 Qxa5 34. Qe4 Qh5 35. Rc1 Bf6 36. Kh2 Re8 37. Qc6 Rf8 38. Rc5 Qd1 39. Qe4 g6 40. Bxa6 Qa1 41. Rc8 Rxc8 42. Bxc8 Qe5 43. Qc6 Kg7 44. Kg2 Qe7 45. Be6 Be5 46. h4 Bf6 47. Bg4 Bd4 48. Qd5 Bf6 49. h5 Qe5 50. Qf3 Qe7 51. Qc6 Be5 52. Qc1 Qb7+ 53. Bf3 Qb2 54. h6+ Kf6 55. Qc8 Kg5 56. Qh3 Kf6 57. Qh4+ g5 58. Qe4 Bd4 59. Be2 Be5 60. Bd3 Ke6 61. Qxh7 1-0

[Event "Catalunya-chT GpB final"]
[Site "Barcelona"]
[Date "2017.03.25"]
[Round "3.3"]
[White "Ibanez Tarradellas, Eduardo"]
[Black "Torrecillas Martinez, Antonio"]
[Result "1/2-1/2"]
[WhiteElo "2208"]
[BlackElo "2364"]
[PlyCount "24"]
[EventDate "2017.03.11"]
[EventType "team-tourn"]
[EventRounds "11"]
[EventCountry "ESP"]
[SourceTitle "CBM 177 Extra"]
[Source "ChessBase"]
[SourceDate "2017.04.27"]
[SourceVersion "1"]
[SourceVersionDate "2017.04.27"]
[SourceQuality "1"]
[WhiteTeam "Figueres"]
[BlackTeam "Foment Martinenc"]
[WhiteTeamCountry "ESP"]
[BlackTeamCountry "ESP"]

1. d4 Nf6 2. Nf3 g6 3. Bg5 Bg7 4. Nbd2 0-0 5. e4 d6 6. Be2 h6 7. Bh4 g5 8. Bg3 Nh5 9. c3 e6 10. Ng1 Nxg3 11. hxg3 b6 12. Qc2 Qe7 1/2-1/2

[Event "Catalunya-chT GpB final"]
[Site "Barcelona"]
[Date "2017.03.11"]
[Round "1.3"]
[White "Uribe Arteaga, Daniel"]
[Black "Torrecillas Martinez, Antonio"]
[Result "1-0"]
[WhiteElo "2294"]
[BlackElo "2364"]
[PlyCount "85"]
[EventDate "2017.03.11"]
[EventType "team-tourn"]
[EventRounds "11"]
[EventCountry "ESP"]
[SourceTitle "CBM 177 Extra"]
[Source "ChessBase"]
[SourceDate "2017.04.27"]
[SourceVersion "1"]
[SourceVersionDate "2017.04.27"]
[SourceQuality "1"]
[WhiteTeam "Montcada"]
[BlackTeam "Foment Martinenc"]
[WhiteTeamCountry "ESP"]
[BlackTeamCountry "ESP"]

1. d4 Nf6 2. c4 g6 3. Nc3 d5 4. f3 c5 5. dxc5 d4 6. Nb5 Nc6 7. e3 e5 8. exd4 Nxd4 9. Nxd4 exd4 10. Bg5 Bxc5 11. Bd3 0-0 12. Ne2 Qa5+ 13. Kf1 Be7 14. Qd2 Bb4 15. Qc1 Be7 16. Qd2 Bb4 17. Qc1 Be7 18. h4 Re8 19. g4 Be6 20. Qf4 Nd7 21. Bxe7 Rxe7 22. h5 Rd8 23. Qh6 Ne5 24. Qg5 Qc7 25. Qf6 Nxd3 26. h6 Qe5 27. Qxe7 Rc8 28. Rd1 Bxc4 29. Qxe5 Nxe5 30. Kf2 d3 31. Nf4 f6 32. b3 Ba6 33. Rc1 Nc6 34. Nd5 Kf7 35. Rhd1 g5 36. Nb4 Nxb4 37. Rxc8 Nd5 38. Rd8 Nf4 39. Rd7+ Kg6 40. Rh1 f5 41. gxf5+ Kxf5 42. Rxh7 d2 43. Rg7 1-0

[Event "Catalunya-chT Gp1 final"]
[Site "Barcelona"]
[Date "2016.03.12"]
[Round "1.3"]
[White "Torrecillas Martinez, Antonio"]
[Black "Valdes Romero, Leonardo"]
[Result "1/2-1/2"]
[WhiteElo "2369"]
[BlackElo "2375"]
[PlyCount "54"]
[EventDate "2016.03.12"]
[EventType "team-tourn"]
[EventRounds "4"]
[EventCountry "ESP"]
[SourceTitle "CBM 171 Extra"]
[Source "ChessBase"]
[SourceDate "2016.04.26"]
[SourceVersion "1"]
[SourceVersionDate "2016.04.26"]
[SourceQuality "1"]
[WhiteTeam "Foment Martinenc"]
[BlackTeam "Mollet"]
[WhiteTeamCountry "ESP"]
[BlackTeamCountry "ESP"]

1. e4 d6 2. d4 Nf6 3. Nc3 g6 4. Be3 c6 5. Qd2 b5 6. f3 Bg7 7. Bh6 Bxh6 8. Qxh6 b4 9. Nd1 Qb6 10. c3 bxc3 11. bxc3 Nbd7 12. Bd3 Ba6 13. Rb1 Qa5 14. Bxa6 Qxa6 15. Rb2 Rb8 16. Rxb8+ Nxb8 17. Qd2 Nbd7 18. Ne2 0-0 19. 0-0 Rb8 20. Ne3 Qa3 21. Rc1 c5 22. Rc2 Rb1+ 23. Kf2 h5 24. Rc1 Rb8 25. Rc2 Rb1 26. Rc1 Rb8 27. Rc2 Rb1 1/2-1/2

[Event "Catalunya-chT Gp1"]
[Site "Barcelona"]
[Date "2016.02.27"]
[Round "6.2"]
[White "Torrecillas Martinez, Antonio"]
[Black "Narciso Dublan, Marc"]
[Result "1-0"]
[WhiteElo "2369"]
[BlackElo "2548"]
[PlyCount "73"]
[EventDate "2016.01.23"]
[EventType "team-tourn"]
[EventRounds "7"]
[EventCountry "ESP"]
[SourceTitle "EXT 2017"]
[Source "ChessBase"]
[SourceDate "2016.10.25"]
[SourceVersion "1"]
[SourceVersionDate "2016.10.25"]
[SourceQuality "1"]
[WhiteTeam "Foment Martinenc"]
[BlackTeam "Barcelona Escola Escacs"]
[WhiteTeamCountry "ESP"]
[BlackTeamCountry "ESP"]

1. e4 c6 2. Nc3 d5 3. Nf3 Nf6 4. e5 Ne4 5. d3 Nxc3 6. bxc3 Bg4 7. h3 Bxf3 8. Qxf3 e6 9. Qg3 c5 10. Be2 Nc6 11. 0-0 Qc7 12. f4 g6 13. Be3 Ne7 14. d4 Nf5 15. Qf2 0-0-0 16. g4 Nxe3 17. Qxe3 Kb8 18. Rab1 Ka8 19. Rb2 Be7 20. Kh1 Qc8 21. Kh2 Rhf8 22. Rfb1 Rd7 23. c4 cxd4 24. Qb3 Qc5 25. cxd5 exd5 26. Qa4 Rc7 27. Bd3 f6 28. Rb5 Qc6 29. Qxd4 Bc5 30. Qb2 fxe5 31. Qxe5 Re7 32. Qg5 a6 33. Ra5 Qc7 34. Ra4 Bd6 35. Qxd5 Ka7 36. Rxb7+ Qxb7 37. Qxd6 1-0

[Event "Sant Boi Lorente Memorial 6th"]
[Site "Sant Boi de Llobregat"]
[Date "2015.06.21"]
[Round "3"]
[White "Torrecillas Martinez, Antonio"]
[Black "Lopez Martinez, Josep Manuel"]
[Result "0-1"]
[WhiteElo "2369"]
[BlackElo "2536"]
[PlyCount "42"]
[EventDate "2015.06.21"]
[EventType "swiss (rapid)"]
[EventRounds "9"]
[EventCountry "ESP"]
[SourceTitle "EXT 2016"]
[Source "ChessBase"]
[SourceDate "2015.10.08"]
[SourceVersion "1"]
[SourceVersionDate "2015.10.08"]
[SourceQuality "1"]

1. e4 e5 2. Nf3 Nc6 3. Bb5 a6 4. Ba4 Nf6 5. 0-0 Be7 6. Re1 b5 7. Bb3 d6 8. c3 0-0 9. d3 Na5 10. Bc2 c5 11. Nbd2 Nc6 12. Nf1 Re8 13. a4 Rb8 14. axb5 axb5 15. h3 Bf8 16. Bg5 h6 17. Bh4 Be7 18. Ne3 Nh7 19. Bg3 Ng5 20. Nd5 Bf8 21. Nxg5 hxg5 0-1

[Event "Catalunya-chT GpB final"]
[Site "Barcelona"]
[Date "2015.04.11"]
[Round "10.2"]
[White "Torrecillas Martinez, Antonio"]
[Black "Fernandez Diaz, Cristian"]
[Result "1/2-1/2"]
[WhiteElo "2387"]
[BlackElo "2147"]
[PlyCount "27"]
[EventDate "2015.03.14"]
[EventType "team-tourn"]
[EventRounds "11"]
[EventCountry "ESP"]
[SourceTitle "EXT 2016"]
[Source "ChessBase"]
[SourceDate "2015.10.08"]
[SourceVersion "1"]
[SourceVersionDate "2015.10.08"]
[SourceQuality "1"]
[WhiteTeam "Foment Martinenc"]
[BlackTeam "Mollet"]
[WhiteTeamCountry "ESP"]
[BlackTeamCountry "ESP"]

1. e4 c5 2. Nf3 Nc6 3. d4 cxd4 4. Nxd4 g6 5. Nc3 Bg7 6. Nb3 Bxc3+ 7. bxc3 Nf6 8. Bd3 d5 9. exd5 Qxd5 10. 0-0 Bf5 11. Qe2 0-0-0 12. Bxf5+ gxf5 13. c4 Qe4 14. Qxe4 1/2-1/2

[Event "Catalunya-chT Gp1"]
[Site "Barcelona"]
[Date "2015.02.07"]
[Round "3.3"]
[White "Exposito Amaro, Josue"]
[Black "Torrecillas Martinez, Antonio"]
[Result "1/2-1/2"]
[WhiteElo "2357"]
[BlackElo "2387"]
[PlyCount "63"]
[EventDate "2015.01.24"]
[EventType "team-tourn"]
[EventRounds "7"]
[EventCountry "ESP"]
[SourceTitle "CBM 164 Extra"]
[Source "ChessBase"]
[SourceDate "2015.03.02"]
[SourceVersion "1"]
[SourceVersionDate "2015.03.02"]
[SourceQuality "1"]
[WhiteTeam "Peona I Peo"]
[BlackTeam "Foment Martinenc"]
[WhiteTeamCountry "ESP"]
[BlackTeamCountry "ESP"]

1. e4 d6 2. d4 Nf6 3. Nc3 g6 4. f4 Bg7 5. Nf3 0-0 6. e5 dxe5 7. fxe5 Nd5 8. Bc4 Be6 9. Nxd5 Bxd5 10. Bxd5 Qxd5 11. Qe2 c5 12. c4 Qd7 13. d5 e6 14. d6 Nc6 15. Bf4 f6 16. 0-0-0 fxe5 17. Bxe5 Nxe5 18. Nxe5 Qa4 19. Kb1 Rad8 20. Nf3 Rfe8 21. Rhf1 Rd7 22. h4 Qa6 23. h5 Rxd6 24. hxg6 hxg6 25. Ng5 Red8 26. Qxe6+ Rxe6 27. Rxd8+ Bf8 28. Rdxf8+ Kg7 29. R8f7+ Kg8 30. Rf8+ Kg7 31. R8f7+ Kg8 32. Rf8+ 1/2-1/2